000 01986cam a22003614a 4500
001 7550545
003 ARRUPE
005 20140930135357.0
008 090720s2009 miuabf b 001 0 eng
010 _a 2009029385
020 _a9780801035845 (pbk.)
020 _a0801035848 (pbk.)
024 _a40017426455
035 _a(OCoLC)ocn311752047
035 _a(OCoLC)311752047
035 _a(NNC)7550545
040 _aDLC
_cDLC
_dBTCTA
_dC#P
_dOrLoB-B
050 0 0 _aBS2695.53
_b.W55 2009
082 0 0 _a227/.5077
_222
100 1 _aWilliamson, Peter S.
_911825
245 1 0 _aEphesians /
_cPeter S. Williamson.
260 _aGrand Rapids, Mich. :
_bBaker Academic,
_cc2009.
300 _a217 p., [1] leave of plate :
_bill., map ;
_c23 cm.
490 1 _aCatholic commentary on sacred scripture
504 _aIncludes bibliographical references and index.
505 0 0 _tOutline of the Letter to the Ephesians --
_gPt. 1.
_tProclamation of God's Gracious Plan of Salvation in Christ --
_tBlessing God for Every Spiritual Blessing (1:1-14) --
_tA Prayer to Know God and to Understand His Gifts (1:15-23) --
_tSaved by Grace through Faith for Good Works (2:1-10) --
_tGentiles and Jews Reconciled to God and United in the Messiah (2:11-22) --
_tCommissioned to Proclaim God's Secret Plan (3:1-13) --
_tA Prayer for Divinization (3:14-21) --
_gPt. 2.
_tExhortation to Christian Conduct --
_tBuilding Up the Church (4:1-16) --
_tThe New Self and a New Way of Living (4:17-5:2) --
_tChildren of Light (5:3-20) --
_tWives and Husbands, Christ and the Church (5:21-33) --
_tChildren and Parents, Slaves and Masters (6:1-9) --
_tA Summons to Spiritual Battle (6:10-24) --
_tIndex of Pastoral Topics --
_tIndex of Sidebars.
610 2 0 _aCatholic Church
_xDoctrines.
_911826
630 0 0 _aBible.
_pEphesians
_vCommentaries.
_911827
830 0 _aCatholic commentary on sacred scripture.
_911828
900 _bTOC
942 _2lcc
_cMONOGRAPH
948 1 _a20100201
_bc
_cvt2130
_dMPS
999 _c121005
_d121005